000 00843nam a2200277Ia 4500
003 OSt
005 20221005033322.0
006 a|||||r|||| 00| 0
007 ta
008 221004b |||||||| |||| 00| 0 eng d
020 _a9789387587380
_cINR 3000.00
024 _a41142
037 _b231, 14/01/2019, Eastern Book Linkers
_cTextual
040 _aCRL
_cCRL
_beng
041 _2eng
_aeng
082 _aV2:71, Q8
100 _aVinay Kumar Au.
_940683
245 0 _aIndian art
_b archaeology and culture
260 _aDelhi
_bB.R. Publishing Corporation India
_c2018
300 _axvii,249p.
_ccm.
650 _a INDIA - ANTIQUITIES
_9176481
650 _a INDIA - HISTORY
650 _aARCHEOLOGY
942 _hV2:71, Q8
_cTEXL
_2cc
999 _c941341
_d941341